[Event "Turkish Cup 2022"]
[Site "Sakarya"]
[Date "2022.03.31"]
[Round "10.22"]
[White "Bayramiclilar, Yusuf Ruzgar"]
[Black "Demirag, Batuhan"]
[Result "1/2-1/2"]
[WhiteElo "1514"]
[BlackElo "1923"]
[Annotator "COMBH"]
[PlyCount "58"]
[EventDate "2022.03.25"]
[EventType "swiss"]
[EventCountry "TUR"]
[SourceTitle "playchess.com"]
[Source "ChessBase"]
[SourceQuality "1"]

1. e4 c5 2. Nc3 Nc6 3. Bc4 Nf6 4. d3 g6 5. f4 d6 6. Nf3 Bg4 7. O-O e6 8. Bb5 Be7 9. h3 Bxf3 10. Qxf3 Nd7 11. Bxc6 bxc6 12. f5 Ne5 13. Qf2 Bg5 14. Bxg5 Qxg5 15. d4 cxd4 16. Qxd4 Qe7 17. b4 f6 18. Rad1 Rd8 19. fxe6 O-O 20. b5 Qxe6 21. bxc6 Nxc6 22. Qd5 Qxd5 23. Nxd5 Kg7 24. Nc7 Kf7 25. Nd5 Kg7 26. Nc7 Kf7 27. Nd5 Kg7 28. Nc7 Kf7 29. Nd5 Nb8 1/2-1/2

[Event "Turkish Cup 2022"]
[Site "Sakarya"]
[Date "2022.03.31"]
[Round "10.23"]
[White "Anacak, Hasan Gunes"]
[Black "Ozturk, Mustafa"]
[Result "1-0"]
[WhiteElo "1798"]
[BlackElo "1375"]
[Annotator "COMBH"]
[PlyCount "91"]
[EventDate "2022.03.25"]
[EventType "swiss"]
[EventCountry "TUR"]
[SourceTitle "playchess.com"]
[Source "ChessBase"]
[SourceQuality "1"]

1. e4 c5 2. Nf3 d6 3. Bb5+ Nd7 4. a4 a6 5. Be2 Ngf6 6. Nc3 e5 7. a5 Be7 8. d3 h6 9. Nd2 b5 10. axb6 Nxb6 11. Nc4 Nxc4 12. dxc4 Be6 13. Qd3 O-O 14. Bd2 Ne8 15. Nd5 Bxd5 16. cxd5 Bg5 17. Ba5 Qc8 18. O-O Nc7 19. Ra4 Nb5 20. Rfa1 Qb7 21. b4 c4 22. Qxc4 Rfc8 23. Qd3 Rc3 24. Qd1 Rac8 25. Bd3 Qa7 26. g3 Qd4 27. h4 Bf6 28. Qe2 g5 29. Rd1 Qa7 30. Qg4 Kg7 31. Raa1 Be7 32. hxg5 Bxg5 33. Bxb5 Rxc2 34. Be2 Rb2 35. Qxc8 Rxe2 36. Rf1 Qd4 37. Rae1 Rxe4 38. Rxe4 Qxe4 39. Qxa6 Qxd5 40. b5 Qf3 41. Qc6 d5 42. Qc3 Qg4 43. Qxe5+ f6 44. Qxd5 h5 45. Rd1 h4 46. Qd7+ 1-0

[Event "Turkish Cup 2022"]
[Site "Sakarya"]
[Date "2022.03.31"]
[Round "10.24"]
[White "Celik, Ege Yigit"]
[Black "Kilic, Cihan"]
[Result "1-0"]
[WhiteElo "1466"]
[BlackElo "1874"]
[Annotator "NA"]
[PlyCount "86"]
[EventDate "2022.03.25"]
[EventType "swiss"]
[EventCountry "TUR"]
[SourceTitle "playchess.com"]
[Source "ChessBase"]
[SourceQuality "1"]

1. c4 c5 2. Nc3 Nc6 3. g3 g6 4. Bg2 Bg7 5. Nf3 Nf6 6. d4 d6 7. O-O cxd4 8. Nxd4 Bd7 9. e3 O-O 10. b3 Qc8 11. Bb2 Bh3 12. Qe2 h5 13. Rac1 h4 14. Nd5 Bxg2 15. Kxg2 Re8 16. Nf3 h3+ 17. Kg1 Ne4 18. Bxg7 Kxg7 19. Nc3 Qg4 20. Nxe4 Qxe4 21. Ne1 Ne5 22. f3 Qc6 23. Nd3 Nxd3 24. Qxd3 a5 25. Qc3+ f6 26. a4 Rec8 27. e4 e6 28. Rfd1 d5 29. exd5 exd5 30. Rxd5 Qxd5 31. cxd5 Rxc3 32. Rxc3 Rd8 33. Rd3 Kf7 34. Kf2 f5 35. Ke3 Re8+ 36. Kd2 Re5 37. d6 Re8 38. d7 Rd8 39. Ke3 g5 40. Rd5 Ke7 41. Kd4 Ke6 42. f4 g4 43. Kc5 Rxd7 1-0

[Event "Turkish Cup 2022"]
[Site "Sakarya"]
[Date "2022.03.31"]
[Round "10.25"]
[White "Camdereli, Gunduz"]
[Black "Yazici, Ugur Doga"]
[Result "0-1"]
[WhiteElo "1737"]
[BlackElo "2195"]
[Annotator "NA"]
[PlyCount "94"]
[EventDate "2022.03.25"]
[EventType "swiss"]
[EventCountry "TUR"]
[SourceTitle "playchess.com"]
[Source "ChessBase"]
[SourceQuality "1"]

1. e4 e6 2. d4 d5 3. e5 c5 4. c3 Nc6 5. Nf3 Qb6 6. a3 Bd7 7. b4 cxd4 8. cxd4 Rc8 9. Be2 Nh6 10. O-O Nf5 11. Bb2 h5 12. Ra2 Be7 13. Bc3 a6 14. h4 Bxh4 15. Nxh4 Nxh4 16. Bxh5 Nf5 17. Rd2 Qd8 18. Rd3 Qg5 19. Rh3 g6 20. Bg4 Rxh3 21. Bxh3 Qh4 22. Bxf5 gxf5 23. g3 Qh3 24. Qf3 Ke7 25. Qg2 Qxg2+ 26. Kxg2 Na7 27. Bd2 Be8 28. Bg5+ Kd7 29. Rc1 Rxc1 30. Bxc1 Kc6 31. a4 Kb6 32. Nc3 Nc6 33. b5 Na5 34. bxa6 bxa6 35. Bb2 Nc4 36. Bc1 Ka5 37. g4 fxg4 38. Kg3 Kb4 39. Ne2 Bxa4 40. Kf4 Bd1 41. Ng3 Kc3 42. Kg5 Kxd4 43. Kf6 a5 44. Nf1 g3 45. fxg3 Bh5 46. Nd2 Nxd2 47. Bxd2 a4 0-1

[Event "Turkish Cup 2022"]
[Site "Sakarya"]
[Date "2022.03.31"]
[Round "10.26"]
[White "Ererdem, Gani Eren"]
[Black "Buyuk, Eymen Eren"]
[Result "1-0"]
[WhiteElo "2134"]
[BlackElo "1526"]
[Annotator "NA"]
[PlyCount "133"]
[EventDate "2022.03.25"]
[EventType "swiss"]
[EventCountry "TUR"]
[SourceTitle "playchess.com"]
[Source "ChessBase"]
[SourceQuality "1"]

1. d4 d5 2. Nf3 Nf6 3. g3 Bf5 4. Bg2 e6 5. O-O Be7 6. c4 c6 7. Nc3 O-O 8. Nh4 Bg6 9. Nxg6 hxg6 10. b3 Nbd7 11. Bb2 a5 12. Qc2 Rc8 13. Rad1 b5 14. e4 b4 15. Na4 Nxe4 16. Bxe4 dxe4 17. Qxe4 Bf6 18. Rd2 Qc7 19. Rfd1 Rfd8 20. a3 c5 21. axb4 axb4 22. Qe1 Qa5 23. Rd3 Re8 24. dxc5 Nxc5 25. Nxc5 Qxc5 26. Bxf6 gxf6 27. Rd7 Ra8 28. Rb7 Reb8 29. Rxf7 Kxf7 30. Rd7+ Qe7 31. Rxe7+ Kxe7 32. Qe4 Kf7 33. h4 Ra5 34. h5 Rxh5 35. Qc6 Re8 36. Qb7+ Re7 37. Qxb4 Rc7 38. Qb8 Rhc5 39. Qh8 Rh5 40. Qb8 Rhc5 41. Kg2 Rc8 42. Qd6 R8c7 43. f4 R5c6 44. Qd3 Rb7 45. b4 Ke7 46. b5 Rc5 47. Qd4 Rc8 48. c5 Rd7 49. Qb4 Kf7 50. b6 Rb7 51. Qb5 Rcb8 52. Qc6 Ke7 53. Qd6+ Kf7 54. Kf3 f5 55. Ke3 Kf6 56. Kd4 Rc8 57. Kc4 Kf7 58. Kb5 Rcb8 59. Qd1 Ke7 60. Qh1 Kf7 61. Qxb7+ Rxb7 62. c6 Rb8 63. c7 Re8 64. b7 e5 65. c8=Q Rxc8 66. bxc8=Q exf4 67. gxf4 1-0

[Event "Turkish Cup 2022"]
[Site "Sakarya"]
[Date "2022.03.31"]
[Round "10.27"]
[White "Kavri, Yusuf Eren"]
[Black "Tahaoglu, Erkin"]
[Result "1/2-1/2"]
[WhiteElo "1886"]
[BlackElo "1694"]
[Annotator "NA"]
[PlyCount "129"]
[EventDate "2022.03.25"]
[EventType "swiss"]
[EventCountry "TUR"]
[SourceTitle "playchess.com"]
[Source "ChessBase"]
[SourceQuality "1"]

1. c4 e6 2. Nc3 d5 3. d4 Nf6 4. Bg5 Be7 5. Nf3 h6 6. Bh4 O-O 7. e3 Ne4 8. Bxe7 Qxe7 9. Qc2 Nxc3 10. Qxc3 dxc4 11. Bxc4 c5 12. O-O Nc6 13. Rfd1 cxd4 14. Nxd4 Bd7 15. Be2 Nxd4 16. Rxd4 Rac8 17. Qa5 e5 18. Rd2 Bc6 19. Rad1 Qg5 20. Bf1 Bf3 21. Re1 Rc6 22. Qxa7 Rfc8 23. Qa5 b6 24. Qb4 Rc1 25. h4 Qg6 26. Rd8+ Kh7 27. Rxc8 Rxc8 28. g3 e4 29. Bg2 Qf5 30. Bxf3 Qxf3 31. Qd2 g5 32. hxg5 hxg5 33. Rc1 Rh8 34. Qd1 Qf5 35. Qf1 Kg7 36. b3 Rd8 37. Rd1 Rc8 38. Rc1 Rd8 39. a4 Rd2 40. Rd1 Rb2 41. Rb1 Ra2 42. Ra1 Rb2 43. Rb1 Ra2 44. Qe1 Qf3 45. Ra1 Re2 46. Qf1 Rb2 47. Rb1 Ra2 48. Ra1 Rb2 49. Rb1 Ra2 50. b4 Rxa4 51. Qb5 Ra2 52. Qxg5+ Kh7 53. Qh4+ Kg7 54. Qg5+ Kh7 55. Qh4+ Kg7 56. Qh2 Ra8 57. Qg2 Qg4 58. b5 Rh8 59. Qf1 Qf3 60. Qg2 Qg4 61. Rc1 Rh5 62. Rb1 Rh8 63. Rc1 Rh5 64. Rb1 Rh8 65. Rc1 1/2-1/2

[Event "Turkish Cup 2022"]
[Site "Sakarya"]
[Date "2022.03.31"]
[Round "10.29"]
[White "Oktem, Ege Tuna"]
[Black "Isbilir, Okan"]
[Result "1-0"]
[WhiteElo "1614"]
[BlackElo "1915"]
[Annotator "TA"]
[PlyCount "41"]
[EventDate "2022.03.25"]
[EventType "swiss"]
[EventCountry "TUR"]
[SourceTitle "playchess.com"]
[Source "ChessBase"]
[SourceQuality "1"]

1. e4 c5 2. c3 d5 3. exd5 Qxd5 4. d4 Nf6 5. Nf3 Nc6 6. Be3 cxd4 7. cxd4 e6 8. Nc3 Qd8 9. Bd3 Be7 10. O-O O-O 11. Ne5 Nxe5 12. dxe5 Nd5 13. Qe2 Nxc3 14. bxc3 Qc7 15. Bd4 b6 16. Qe4 g6 17. Qxa8 Bb7 18. Qxa7 Qc6 19. f3 Bc5 20. Be4 Bxd4+ 21. cxd4 1-0

[Event "Turkish Cup 2022"]
[Site "Sakarya"]
[Date "2022.03.31"]
[Round "10.30"]
[White "Ilcin, Murat Veysi"]
[Black "Demirag, Gokhan"]
[Result "0-1"]
[WhiteElo "1588"]
[BlackElo "1946"]
[Annotator "NA"]
[PlyCount "78"]
[EventDate "2022.03.25"]
[EventType "swiss"]
[EventCountry "TUR"]
[SourceTitle "playchess.com"]
[Source "ChessBase"]
[SourceQuality "1"]

1. d4 Nf6 2. c4 e6 3. a3 c5 4. Bg5 cxd4 5. Qxd4 Nc6 6. Qd2 Qc7 7. Bxf6 gxf6 8. Nc3 a6 9. e4 h5 10. Nf3 Bh6 11. Qc2 Rg8 12. g3 b6 13. Bg2 Ne5 14. Nxe5 fxe5 15. b3 h4 16. O-O Bb7 17. Qd3 O-O-O 18. Rfd1 Qc6 19. Ra2 f5 20. Rc2 Kb8 21. b4 hxg3 22. hxg3 f4 23. Nb5 fxg3 24. fxg3 Bf8 25. Kf2 Be7 26. Nd6 Rdf8+ 27. Kg1 Bxd6 28. Qxd6+ Qxd6 29. Rxd6 Rxg3 30. Kh2 Rg7 31. a4 Rh8+ 32. Kg1 Bxe4 33. Re2 Rxg2+ 34. Rxg2 Bxg2 35. Kxg2 Kc7 36. Rd3 Rh4 37. Rc3 Rf4 38. Kg3 a5 39. b5 Kd6 0-1

[Event "Turkish Cup 2022"]
[Site "Sakarya"]
[Date "2022.03.31"]
[Round "10.31"]
[White "Unsal, Gorkem"]
[Black "Serbulent, Huseyin"]
[Result "1-0"]
[WhiteElo "1672"]
[BlackElo "1775"]
[Annotator "TA"]
[PlyCount "143"]
[EventDate "2022.03.25"]
[EventType "swiss"]
[EventCountry "TUR"]
[SourceTitle "playchess.com"]
[Source "ChessBase"]
[SourceQuality "1"]

1. e4 c5 2. Nf3 d6 3. d4 cxd4 4. Qxd4 Nc6 5. Bb5 e5 6. Qd3 Nf6 7. Nc3 Be7 8. O-O O-O 9. Bg5 Bg4 10. Bc4 Rc8 11. Bb3 Ne8 12. Bxe7 Qxe7 13. Nd5 Qd8 14. c3 Kh8 15. Nd2 Qg5 16. f3 Be6 17. Bc2 Qh6 18. Nb3 Bxd5 19. Qxd5 Nc7 20. Qd3 g5 21. g3 Rg8 22. Kh1 Rg6 23. Rf2 Rcg8 24. Rg1 Qg7 25. Nd2 h5 26. Nf1 h4 27. Ne3 Ne7 28. Bb3 Qh7 29. g4 Rf6 30. Nf5 Ng6 31. Rd2 Nf4 32. Qe3 b6 33. Rgd1 Ne8 34. Ba4 Ng7 35. Rxd6 Nge6 36. Bb3 h3 37. Bxe6 Rxe6 38. Rd8 Ree8 39. Rxe8 Rxe8 40. Rd6 Ne6 41. Qd2 Qg6 42. c4 Qf6 43. Qc3 Rd8 44. Rxd8+ Qxd8 45. Qxe5+ Kh7 46. Nd6 Ng7 47. Kg1 b5 48. Kf2 bxc4 49. Qc5 Qb8 50. Kg3 Qxb2 51. Kxh3 Qf6 52. Kg2 c3 53. e5 Qe6 54. Qxc3 Qxa2+ 55. Kg3 Ne6 56. Nxf7 Qe2 57. Nd6 Qf1 58. Qc2+ Kg7 59. Qf2 Qa1 60. Nf5+ Kg6 61. Qe3 a5 62. h4 gxh4+ 63. Nxh4+ Kh7 64. Qe4+ Kh8 65. Qe3 Kh7 66. Nf5 Qh1 67. Qa7+ Kg6 68. Nh4+ Kh6 69. g5+ Kxg5 70. Qe7+ Kh6 71. Qxe6+ Kh7 72. Qf7+ 1-0

[Event "Turkish Cup 2022"]
[Site "Sakarya"]
[Date "2022.03.31"]
[Round "10.32"]
[White "Onem, Cem"]
[Black "Gursu, Sungur"]
[Result "1/2-1/2"]
[WhiteElo "1793"]
[BlackElo "1562"]
[Annotator "TA"]
[PlyCount "112"]
[EventDate "2022.03.25"]
[EventType "swiss"]
[EventCountry "TUR"]
[SourceTitle "playchess.com"]
[Source "ChessBase"]
[SourceQuality "1"]

1. d4 Nf6 2. c4 e5 3. dxe5 Ng4 4. Bf4 Nc6 5. Nf3 Bb4+ 6. Nc3 Qe7 7. Qb3 a5 8. a3 a4 9. Qc2 Ba5 10. Qf5 d6 11. exd6 Bxf5 12. dxe7 Nxe7 13. e3 O-O-O 14. Be2 Bxc3+ 15. bxc3 Ng6 16. Bg3 h5 17. h3 Nf6 18. Nd4 Ne7 19. f3 h4 20. Bh2 Bd7 21. Kf2 c5 22. Nc2 Be6 23. e4 Nh5 24. Rhd1 f5 25. Bd6 Rde8 26. Ne3 fxe4 27. fxe4 Ng6 28. Nd5 Bxd5 29. cxd5 Nf6 30. Bf3 Nxe4+ 31. Bxe4 Rxe4 32. Bxc5 Rh5 33. Rd4 Rf5+ 34. Kg1 Rxd4 35. Bxd4 Rxd5 36. Bxg7 Nf4 37. Ra2 Nh5 38. Bd4 Kd7 39. Rf2 Ke7 40. Re2+ Kf7 41. Re4 Ng3 42. Rxh4 Rb5 43. Kf2 Nf5 44. Rf4 Kg6 45. g4 Rb2+ 46. Kf3 Nxd4+ 47. Rxd4 b5 48. Rb4 Rb3 49. Ke4 Rxc3 50. h4 Rh3 51. h5+ Kg5 52. Kd5 Rxa3 53. Kc5 Rg3 54. Kxb5 a3 55. Ra4 Rxg4 56. Rxa3 Kxh5 1/2-1/2

[Event "Turkish Cup 2022"]
[Site "Sakarya"]
[Date "2022.03.31"]
[Round "10.33"]
[White "Yenil, Mucahit"]
[Black "Kaban, Mahmut"]
[Result "1/2-1/2"]
[WhiteElo "1736"]
[BlackElo "1525"]
[Annotator "TA"]
[PlyCount "252"]
[EventDate "2022.03.25"]
[EventType "swiss"]
[EventCountry "TUR"]
[SourceTitle "playchess.com"]
[Source "ChessBase"]
[SourceQuality "1"]

1. e4 c5 2. Nc3 Nc6 3. g3 g6 4. Bg2 Bg7 5. d3 d6 6. Be3 Rb8 7. Qd2 e6 8. f4 Nge7 9. Nf3 Nd4 10. O-O b5 11. Nh4 f5 12. Nd1 O-O 13. c3 Ndc6 14. Nf2 b4 15. d4 Na5 16. Qe2 Bd7 17. Rfd1 Bb5 18. Qe1 bxc3 19. bxc3 Ba4 20. Rdc1 Qc7 21. e5 dxe5 22. fxe5 c4 23. Bf4 Bc6 24. Nh3 h6 25. Bxc6 Qxc6 26. Ng2 Rb2 27. Nf2 g5 28. Bd2 Ng6 29. Nd1 Rb7 30. Nf2 Rfb8 31. Rab1 Qa4 32. Rxb7 Rxb7 33. Rb1 Rb5 34. Ne3 Bf8 35. Rxb5 Qxb5 36. Qc1 Be7 37. Qc2 Nc6 38. Nfg4 Kg7 39. Nf2 a5 40. a4 Qb3 41. Qxb3 cxb3 42. Bc1 g4 43. Nc4 Bg5 44. Nd3 Nge7 45. Bb2 Nd5 46. Kf2 h5 47. Nc5 Kf7 48. Nxb3 Ke7 49. Nbxa5 Nxa5 50. Nxa5 Nb6 51. Ke2 h4 52. Ba3+ Kd7 53. c4 Nxa4 54. Kd3 h3 55. Ke2 f4 56. Kf2 Nc3 57. Bc1 fxg3+ 58. Kxg3 Bxc1 59. Kxg4 Ne2 60. Nb3 Bb2 61. Kxh3 Bxd4 62. Kg4 Bxe5 63. h4 Kc6 64. h5 Bc3 65. Kg5 Nd4 66. Kf6 Nxb3+ 67. Kxe6 Bd2 68. Kf7 Kd6 69. Kg6 Ke7 70. h6 Kf8 71. h7 Bc3 72. Kh6 Kf7 73. Kg5 Kg7 74. Kf5 Bd4 75. c5 Nxc5 76. Kf4 Kxh7 77. Kg5 Kg7 78. Kf5 Kf7 79. Kg5 Ke6 80. Kf4 Be5+ 81. Kg4 Ne4 82. Kf3 Kf5 83. Ke3 Ng5 84. Kd3 Kf4 85. Kc4 Ne6 86. Kd5 Nd8 87. Kc4 Ke4 88. Kc5 Bc7 89. Kc4 Ne6 90. Kc3 Nd4 91. Kc4 Bd6 92. Kc3 Kd5 93. Kd3 Bf4 94. Kc3 Bg3 95. Kd3 Be1 96. Ke3 Bg3 97. Kd3 Ne6 98. Ke3 Ng5 99. Kd3 Bf4 100. Kc3 Be3 101. Kd3 Bd4 102. Kd2 Nh3 103. Kd3 Nf4+ 104. Kd2 Bf2 105. Kc3 Kc5 106. Kb3 Be1 107. Kc2 Kc4 108. Kc1 Kc3 109. Kd1 Bf2 110. Kc1 Ne6 111. Kd1 Nd4 112. Kc1 Nb5 113. Kd1 Kd3 114. Kc1 Bd4 115. Kd1 Bc3 116. Kc1 Bb4 117. Kd1 Na3 118. Kc1 Nc2 119. Kb2 Nd4 120. Kc1 Kc3 121. Kd1 Kb3 122. Kc1 Be1 123. Kd1 Bf2 124. Kd2 Kc4 125. Kd1 Kd3 126. Kc1 Bg3 1/2-1/2

[Event "Turkish Cup 2022"]
[Site "Sakarya"]
[Date "2022.03.31"]
[Round "10.34"]
[White "Kandaz, Berat Efe"]
[Black "Vursan, Emre Can"]
[Result "0-1"]
[WhiteElo "1519"]
[BlackElo "1741"]
[Annotator "TA"]
[PlyCount "94"]
[EventDate "2022.03.25"]
[EventType "swiss"]
[EventCountry "TUR"]
[SourceTitle "playchess.com"]
[Source "ChessBase"]
[SourceQuality "1"]

1. d4 Nf6 2. c4 d6 3. Nc3 Nbd7 4. e4 e5 5. Nf3 Be7 6. Be2 O-O 7. O-O c6 8. h3 a5 9. Be3 Re8 10. d5 Qc7 11. Nd2 Nc5 12. Kh2 h6 13. g4 Nh7 14. Nf3 Nd7 15. Rg1 Ng5 16. Qd2 Qd8 17. h4 Nxf3+ 18. Bxf3 Bxh4 19. dxc6 bxc6 20. Qxd6 Re6 21. Qd2 Rg6 22. Be2 Qf6 23. Raf1 Bg5 24. Bxg5 hxg5 25. Kg3 Nc5 26. Rh1 Ne6 27. f3 Nd4 28. Rh5 Be6 29. Rfh1 Rh6 30. b3 Rd8 31. Qe3 Bc8 32. Rxh6 gxh6 33. Rd1 Kg7 34. Rh1 Ne6 35. a3 Nf4 36. b4 axb4 37. axb4 h5 38. gxh5 Rh8 39. Qg1 Rxh5 40. Rxh5 Nxh5+ 41. Kf2 Qf4 42. b5 Qd2 43. Qe1 Qd4+ 44. Kg2 Nf4+ 45. Kg3 Qe3 46. Kh2 g4 47. Kg3 gxf3 0-1

[Event "Turkish Cup 2022"]
[Site "Sakarya"]
[Date "2022.03.31"]
[Round "10.35"]
[White "Sahin, Fehim"]
[Black "Ercan, Mehmet Fahri"]
[Result "1-0"]
[WhiteElo "1648"]
[BlackElo "1775"]
[Annotator "NA"]
[PlyCount "79"]
[EventDate "2022.03.25"]
[EventType "swiss"]
[EventCountry "TUR"]
[SourceTitle "playchess.com"]
[Source "ChessBase"]
[SourceQuality "1"]

1. d4 d5 2. f4 c5 3. e3 e6 4. Nf3 Nc6 5. c3 b6 6. Bd3 Bb7 7. O-O c4 8. Bc2 Bd6 9. Nbd2 Nh6 10. Ne5 Qc7 11. e4 O-O-O 12. Nxc6 Bxc6 13. e5 Be7 14. Nf3 f5 15. b3 b5 16. a4 a6 17. bxc4 dxc4 18. axb5 axb5 19. Ba3 Kd7 20. Qb1 Bxa3 21. Rxa3 Ra8 22. Rxa8 Rxa8 23. Qb4 Nf7 24. Rd1 Qa5 25. Qc5 Qa3 26. Bxf5 exf5 27. e6+ Kxe6 28. Qxc6+ Nd6 29. Re1+ Kf7 30. Qd5+ Kf8 31. Ng5 g6 32. Ne6+ Ke7 33. Nc5+ Ne4 34. Nxe4 fxe4 35. Qxe4+ Kf8 36. f5 Ra6 37. fxg6 Rxg6 38. Qe8+ Kg7 39. Re7+ Kf6 40. Qf8+ 1-0

[Event "Turkish Cup 2022"]
[Site "Sakarya"]
[Date "2022.03.31"]
[Round "10.36"]
[White "Erke, Mustafa Yigit"]
[Black "Sezis, Doruk"]
[Result "0-1"]
[WhiteElo "1517"]
[BlackElo "1566"]
[Annotator "NA"]
[PlyCount "52"]
[EventDate "2022.03.25"]
[EventType "swiss"]
[EventCountry "TUR"]
[SourceTitle "playchess.com"]
[Source "ChessBase"]
[SourceQuality "1"]

1. e4 c5 2. Nf3 d6 3. c3 Nf6 4. Be2 g6 5. O-O Bg7 6. e5 dxe5 7. Nxe5 O-O 8. d4 cxd4 9. cxd4 Nc6 10. Be3 Nd5 11. Nxc6 bxc6 12. Nc3 Nxe3 13. fxe3 Rb8 14. Qd2 c5 15. Rad1 cxd4 16. exd4 Rb4 17. d5 Qb6+ 18. Kh1 Rxb2 19. Qd3 Bxc3 20. Rc1 Bg7 21. Rc6 Qd4 22. Qf3 Bf5 23. Rc4 Qd2 24. Bd1 Bd3 25. Rf4 Bxf1 26. Qxf1 Rb1 0-1

[Event "Turkish Cup 2022"]
[Site "Sakarya"]
[Date "2022.03.31"]
[Round "10.38"]
[White "Melik, Enes"]
[Black "Canbulan, Arda"]
[Result "0-1"]
[WhiteElo "1592"]
[BlackElo "1867"]
[Annotator "TA"]
[PlyCount "80"]
[EventDate "2022.03.25"]
[EventType "swiss"]
[EventCountry "TUR"]
[SourceTitle "playchess.com"]
[Source "ChessBase"]
[SourceQuality "1"]

1. f4 g6 2. e4 d5 3. e5 c5 4. Nf3 Bg4 5. Nc3 Nh6 6. Bb5+ Nc6 7. d3 Nf5 8. h3 Bxf3 9. Qxf3 e6 10. O-O Qb6 11. Qf2 h5 12. a4 a6 13. Bxc6+ Qxc6 14. Ne2 h4 15. Bd2 Be7 16. Qf3 Qc7 17. Rfe1 c4 18. Bc3 Qb6+ 19. Kh1 Rc8 20. Red1 Qe3 21. Qxe3 Nxe3 22. Rdc1 Nxc2 23. Rxc2 cxd3 24. Rd2 dxe2 25. Rxe2 Rc4 26. Rf2 Kd7 27. Bd2 Rc2 28. Be3 Rhc8 29. Raf1 R8c4 30. Rxc2 Rxc2 31. Rb1 Bb4 32. Rc1 Rxc1+ 33. Bxc1 Kc6 34. Be3 Bc5 35. Bd2 Bf2 36. b4 d4 37. Bc1 Kd5 38. Kh2 Kc4 39. Bd2 Kd3 40. Bc1 Kc2 0-1

[Event "Turkish Cup 2022"]
[Site "Sakarya"]
[Date "2022.03.31"]
[Round "10.39"]
[White "Dolek, Gokalp Deniz"]
[Black "Gazioglu, Halit"]
[Result "1/2-1/2"]
[WhiteElo "1520"]
[BlackElo "1880"]
[Annotator "NA"]
[PlyCount "105"]
[EventDate "2022.03.25"]
[EventType "swiss"]
[EventCountry "TUR"]
[SourceTitle "playchess.com"]
[Source "ChessBase"]
[SourceQuality "1"]

1. e4 e5 2. Nf3 Nc6 3. Bc4 Nf6 4. d3 Be7 5. O-O O-O 6. Re1 d5 7. exd5 Nxd5 8. Nxe5 Nxe5 9. Rxe5 c6 10. Qf3 Bd6 11. Re1 Qc7 12. h3 Be6 13. c3 Rae8 14. Bd2 b5 15. Bb3 a5 16. c4 Nf6 17. Nc3 b4 18. Ne4 Nxe4 19. Rxe4 c5 20. Rae1 Rd8 21. Bg5 f6 22. Be3 Bd7 23. d4 Bc6 24. d5 Bd7 25. Bf4 Bxf4 26. Qxf4 Qxf4 27. Rxf4 f5 28. Bc2 g6 29. Kf1 Rfe8 30. Rf3 Rxe1+ 31. Kxe1 Kg7 32. Re3 Kf6 33. f4 a4 34. Kf2 Rb8 35. b3 axb3 36. Bxb3 Ra8 37. Re5 Ra6 38. Kf3 h6 39. Ke3 g5 40. g3 h5 41. d6 Rxd6 42. Rxc5 h4 43. fxg5+ Kxg5 44. gxh4+ Kxh4 45. Re5 Kg3 46. c5 f4+ 47. Ke4 Rg6 48. h4 f3 49. Rg5+ Rxg5 50. hxg5 f2 51. Bc4 Be6 52. Bd3 Bxa2 53. Kd4 1/2-1/2

[Event "Turkish Cup 2022"]
[Site "Sakarya"]
[Date "2022.03.31"]
[Round "10.40"]
[White "Unesi, Erdal"]
[Black "Ulu, Ekrem"]
[Result "1-0"]
[WhiteElo "1861"]
[BlackElo "1692"]
[Annotator "NA"]
[PlyCount "99"]
[EventDate "2022.03.25"]
[EventType "swiss"]
[EventCountry "TUR"]
[SourceTitle "playchess.com"]
[Source "ChessBase"]
[SourceQuality "1"]

1. e4 c6 2. d4 d5 3. e5 Bf5 4. h4 h5 5. Ne2 e6 6. Ng3 Bg6 7. Be2 c5 8. c3 Nc6 9. dxc5 Bxc5 10. Qb3 Qb6 11. Qxb6 Bxb6 12. Bb5 Nge7 13. Nd2 O-O 14. Nf3 a6 15. Be2 d4 16. Bd2 Rfd8 17. O-O d3 18. Bd1 Rac8 19. Re1 Bc7 20. c4 Ba5 21. Bxa5 Nxa5 22. b3 Nac6 23. Ne4 Nf5 24. g3 Ncd4 25. Nxd4 Rxd4 26. Bf3 b6 27. Rad1 Kf8 28. Rd2 Ke7 29. Red1 Rcd8 30. Nc3 Nh6 31. Bb7 Ng4 32. Re1 a5 33. Nb5 f6 34. Nxd4 Rxd4 35. f4 Bf5 36. Bf3 fxe5 37. Bxg4 Bxg4 38. Rxe5 Bf5 39. Kf2 Rd6 40. c5 bxc5 41. Rxc5 Rd5 42. Rxd5 exd5 43. Ke3 Kd6 44. Kd4 g6 45. a3 Kc6 46. Rxd3 Bxd3 47. Kxd3 Kc5 48. Kc3 d4+ 49. Kd3 Kd5 50. b4 1-0

[Event "Turkish Cup 2022"]
[Site "Sakarya"]
[Date "2022.03.31"]
[Round "10.42"]
[White "Zaimov, Berk"]
[Black "Karadag, Eflatun Cem"]
[Result "0-1"]
[WhiteElo "1498"]
[BlackElo "1800"]
[Annotator "NA"]
[PlyCount "106"]
[EventDate "2022.03.25"]
[EventType "swiss"]
[EventCountry "TUR"]
[SourceTitle "playchess.com"]
[Source "ChessBase"]
[SourceQuality "1"]

1. e4 e5 2. d4 exd4 3. Qxd4 Nc6 4. Qe3 Nf6 5. Nc3 Bb4 6. Bd2 O-O 7. O-O-O Re8 8. f3 d5 9. Qg5 dxe4 10. fxe4 Ng4 11. Qf4 Bd6 12. Qf3 Nxh2 13. Rxh2 Bxh2 14. Qh5 Bd6 15. Nf3 Ne5 16. Bg5 f6 17. Bc4+ Nxc4 18. Rh1 Kf8 19. Qxh7 Be6 20. Qg6 Bf7 21. Rh8+ Ke7 22. Qxg7 Bf4+ 23. Bxf4 Rxh8 24. Bh6 Rxh6 25. Qxh6 Qh8 26. Qf4 Qh1+ 27. Nd1 Rd8 28. Qxc7+ Rd7 29. Qc5+ Kd8 30. Qf8+ Be8 31. Qxf6+ Kc8 32. Nd4 Ne3 33. Kd2 Nxd1 34. Qe6 Qh8 35. e5 Nxb2 36. Kc3 Na4+ 37. Kb4 Nb6 38. Nb5 Qh4+ 39. g4 Qe1+ 40. c3 Qe4+ 41. Nd4 Qg6 42. Qb3 Bf7 43. e6 Rxd4+ 44. cxd4 Qxe6 45. Qc3+ Qc4+ 46. Qxc4+ Nxc4 47. g5 Nd6 48. a4 Ne4 49. a5 a6 50. d5 Nxg5 51. Kc5 Kd7 52. d6 Ne4+ 53. Kb6 Nxd6 0-1

[Event "Turkish Cup 2022"]
[Site "Sakarya"]
[Date "2022.03.31"]
[Round "10.43"]
[White "Kurdas, Halil Ibrahim"]
[Black "Bagci, Hikmet"]
[Result "1-0"]
[WhiteElo "1850"]
[BlackElo "1630"]
[Annotator "TA"]
[PlyCount "85"]
[EventDate "2022.03.25"]
[EventType "swiss"]
[EventCountry "TUR"]
[SourceTitle "playchess.com"]
[Source "ChessBase"]
[SourceQuality "1"]

1. e4 c5 2. Nf3 d6 3. d4 cxd4 4. Qxd4 Bd7 5. c4 Nc6 6. Qd2 Nf6 7. Nc3 a6 8. b3 g6 9. Bb2 Bg7 10. Bd3 O-O 11. O-O Bg4 12. Nh4 Qa5 13. f4 Bh6 14. Qf2 Bd7 15. Nd5 Ng4 16. Qg3 Bg7 17. Bxg7 Kxg7 18. f5 Qc5+ 19. Kh1 Nf6 20. fxg6 fxg6 21. Nf5+ Bxf5 22. exf5 Nxd5 23. cxd5 Ne5 24. fxg6 hxg6 25. Rfe1 Rf6 26. Be4 Raf8 27. h3 R8f7 28. Rac1 Qd4 29. Kh2 Rf4 30. Qe3 Qb2 31. Rc2 Qa3 32. Qb6 Nd7 33. Qd8 Qb4 34. Rce2 Ne5 35. Qc7 g5 36. Qc2 g4 37. Bh7 g3+ 38. Kxg3 Rf3+ 39. gxf3 Qf4+ 40. Kg2 Qxf3+ 41. Kg1 Kh8 42. Rg2 Rxh7 43. Qc8+ 1-0

[Event "Turkish Cup 2022"]
[Site "Sakarya"]
[Date "2022.03.31"]
[Round "10.44"]
[White "Aysoy, Veysi"]
[Black "Kervancioglu, Talu"]
[Result "1-0"]
[WhiteElo "1811"]
[BlackElo "1497"]
[Annotator "TA"]
[PlyCount "114"]
[EventDate "2022.03.25"]
[EventType "swiss"]
[EventCountry "TUR"]
[SourceTitle "playchess.com"]
[Source "ChessBase"]
[SourceQuality "1"]

1. f4 e5 2. e4 d5 3. exd5 exf4 4. Nf3 Be7 5. Bb5+ c6 6. dxc6 bxc6 7. Bc4 Bh4+ 8. Kf1 Bg4 9. d3 Qc7 10. Qe2+ Ne7 11. Qe5 Qxe5 12. Nxe5 Be6 13. Bxf4 Nd5 14. Bxd5 Bxd5 15. Nc3 Be6 16. g3 Be7 17. Kf2 Bc5+ 18. Be3 Bd6 19. Nf3 f6 20. Ne4 Bc7 21. Nc5 Bd5 22. c4 Bf7 23. Nd4 Be5 24. Rab1 g5 25. Nf3 Bc7 26. Bd4 O-O 27. Rhe1 Bb6 28. Ne6 Re8 29. Nc5 Rd8 30. Nb3 Na6 31. a3 Bxd4+ 32. Nfxd4 c5 33. Nf5 Rxd3 34. Na5 Kf8 35. Rbd1 Rad8 36. Rxd3 Rxd3 37. Ke2 Rd8 38. Kf2 Bh5 39. Re6 Rd2+ 40. Ke1 Rd1+ 41. Kf2 Rd2+ 42. Ke1 Rd1+ 43. Kf2 Rd2+ 44. Kf1 Rd1+ 45. Kg2 Rd2+ 46. Kg1 Kf7 47. Rxa6 Rd1+ 48. Kf2 Rd2+ 49. Ke3 Re2+ 50. Kd3 Rxb2 51. Rxa7+ Kg6 52. Ne7+ Kf7 53. h3 g4 54. hxg4 Bxg4 55. Nd5+ Kf8 56. Nxf6 Bh3 57. Nxh7+ Kg8 1-0